[Event "Indywidualne Mistrzostwa Polski Juniorow - C18"]
[Site "Szczyrk"]
[Date "2013-03-24"]
[Round "3.1"]
[White "Jarmula, Pawel"]
[Black "Suliborski, Jakub"]
[Result "1-0"]
[WhiteTitle "k"]
[BlackTitle "I++"]
[WhiteElo "2197"]
[BlackElo "1996"]

1. d4 d5 2. c4 dxc4 3. e4 e5 4. Nf3 exd4 5. Bxc4 Nf6 6. O-O Be7 7. e5 Nd5 8. Qxd4
Nb6 9. Bb3 Qxd4 10. Nxd4 O-O 11. Nc3 c5 12. Nde2 Nc6 13. f4 Bf5 14. Be3 Bd3 15.
Rfc1 c4 16. Bc2 Nb4 17. Bd1 N4d5 18. Bf2 f6 19. e6 g5 20. fxg5 fxg5 21. Nxd5 Nxd5
22. Ng3 Rxf2 23. Kxf2 Bc5+ 24. Ke1 Re8 25. Bg4 Ne3 26. Be2 Nxg2+ 27. Kd1 Ne3+
28. Kd2 Rxe6 29. Bxd3 Bb4+ 30. Ke2 Nf5+ 31. Ne4 cxd3+ 32. Kxd3 h6 33. Rc7 Bf8
34. Rf1 Ne7 35. Rxb7 Nd5 36. Nc3 Nf4+ 37. Kc2 a6 38. Rd1 Ne2 39. Nxe2 Rxe2+ 40.
Rd2 Re6 41. b4 h5 42. a4 Re4 43. Kc3 g4 44. Rb8 h4 45. Rf2 Re3+ 46. Kd4 Rf3 47.
Rxf3 gxf3 48. Ke3 Kf7 49. Rxf8+ 1-0

[Event "Indywidualne Mistrzostwa Polski Juniorow - C18"]
[Site "Szczyrk"]
[Date "2013-03-24"]
[Round "3.2"]
[White "Nasuta, Grzegorz"]
[Black "Paszewski, Mateusz"]
[Result "1/2-1/2"]
[WhiteTitle "k"]
[BlackTitle "I++"]
[WhiteElo "2295"]
[BlackElo "2065"]

1. e4 g6 2. d4 Bg7 3. Nc3 c5 4. dxc5 Bxc3+ 5. bxc3 Qa5 6. Bd2 Qxc5 7. Bd3 Nf6 8.
Nf3 d6 9. Rb1 Nbd7 10. O-O O-O 11. Qe2 Ng4 12. Rb5 Qc7 13. Rg5 Nde5 14. Nxe5 Nxe5
15. f4 Nxd3 16. cxd3 f6 17. Rg3 f5 18. h4 Kf7 19. c4 h5 20. Re1 Be6 21. Re3 Rae8
22. Kh1 fxe4 23. dxe4 Qxc4 24. f5 Qxe2 25. fxe6+ Kxe6 26. R3xe2 Rc8 27. Kg1 b5
28. Rf1 Rxf1+ 29. Kxf1 Ke5 30. Kf2 a6 31. Kf3 Kd4 32. Be3+ Kd3 33. Rd2+ Kc3 34.
Bg5 Rc7 35. Ke3 b4 36. Rd5 Kb2 37. Ra5 Rc3+ 38. Kd4 Ra3 39. Rxa3 Kxa3 40. Kc4
a5 41. Bxe7 Kxa2 42. Kb5 b3 43. Bf6 b2 44. Bxb2 Kxb2 45. Kxa5 Kc3 46. Kb5 Kd4
47. Kc6 Kxe4 48. Kxd6 Kf5 49. Ke7 g5 50. hxg5 Kxg5 51. Kf7 h4 52. Kg7 1/2-1/2

[Event "Indywidualne Mistrzostwa Polski Juniorow - C18"]
[Site "Szczyrk"]
[Date "2013-03-24"]
[Round "3.3"]
[White "Eggink, Mateusz"]
[Black "Musialkiewicz, Jan"]
[Result "1/2-1/2"]
[WhiteTitle "I"]
[BlackTitle "k+"]
[WhiteElo "2035"]
[BlackElo "2243"]

1. e4 c5 2. Nf3 d6 3. d4 cxd4 4. Nxd4 Nf6 5. Nc3 a6 6. Be2 e6 7. O-O Be7 8. a4
O-O 9. Be3 Nc6 10. Kh1 Qc7 11. f4 Re8 12. Bf3 Bf8 13. Nb3 b6 14. a5 bxa5 15. e5
dxe5 16. fxe5 Rd8 17. Qe1 Nd5 18. Bg5 Be7 19. Bxe7 Ncxe7 20. Rxa5 Bb7 21. Rc5
Qb8 22. Na5 Ra7 23. Qf2 Ba8 24. Ne4 Ng6 25. Nc4 Nde7 26. Ned6 Bxf3 27. Qxf3 Nc8
28. Na5 Nxe5 29. Rxe5 Qxd6 30. Nc6 Rc7 31. Nxd8 Qxe5 32. Nxf7 Qf5 33. Nh6+ gxh6
34. Qg3+ Rg7 35. Rxf5 Rxg3 36. Rc5 Re3 37. Rxc8+ Kf7 38. Kg1 Re2 39. b4 Kf6 40.
Kf1 Rd2 41. Rc6 h5 42. c4 Rb2 43. Rb6 h4 44. c5 Ke5 45. c6 Kd6 46. c7+ Kxc7 47.
Rxe6 h3 48. gxh3 Rxb4 49. Rxa6 Rb7 50. h4 Kd7 1/2-1/2

[Event "Indywidualne Mistrzostwa Polski Juniorow - C18"]
[Site "Szczyrk"]
[Date "2013-03-24"]
[Round "3.4"]
[White "Lewtak, Damian"]
[Black "Budzinski, Jan"]
[Result "1-0"]
[WhiteTitle "m"]
[BlackTitle "I+"]
[WhiteElo "2224"]
[BlackElo "1984"]

1. e4 e5 2. Nf3 Nc6 3. Bb5 a6 4. Ba4 Nf6 5. O-O Nxe4 6. d4 b5 7. Bb3 d5 8. dxe5
Be6 9. c3 Bc5 10. Nbd2 O-O 11. Bc2 Nxf2 12. Rxf2 f6 13. exf6 Qxf6 14. Qf1 Bxf2+
15. Qxf2 Bg4 16. Qh4 Qxh4 17. Nxh4 Rae8 18. Ndf3 Ne5 19. Kf2 Re6 20. h3 Nxf3 21.
Nxf3 Bxf3 22. gxf3 Rfe8 23. Bd3 Re1 24. Rb1 Rh1 25. Bf1 Rf8 26. Bd2 Rh2+ 27. Bg2
1-0

[Event "Indywidualne Mistrzostwa Polski Juniorow - C18"]
[Site "Szczyrk"]
[Date "2013-03-24"]
[Round "3.5"]
[White "Adamowicz, Maciej"]
[Black "Cukrowski, Filip"]
[Result "1-0"]
[WhiteTitle "I++"]
[BlackTitle "k"]
[WhiteElo "2042"]
[BlackElo "2163"]

1. c4 Nf6 2. g3 g6 3. Bg2 Bg7 4. Nf3 O-O 5. O-O c6 6. d3 d5 7. Nbd2 Re8 8. Qc2
e5 9. e4 Na6 10. a3 dxe4 11. Nxe4 Nxe4 12. dxe4 Nc5 13. Rd1 Qe7 14. Bg5 Bf6 15.
Bxf6 Qxf6 16. b4 Ne6 17. Qc3 Nc7 18. Nd2 Be6 19. Nb3 b6 20. Rd6 Rec8 21. Rxc6
Ne8 22. Rxc8 Rxc8 23. c5 Bxb3 24. Qxb3 bxc5 25. Rc1 Qe7 26. Qd5 Nf6 27. Qc4 Nd7
28. Bh3 Rc7 29. Bxd7 Qxd7 30. bxc5 Kg7 31. a4 Rc6 32. Qb5 Qc8 33. Qc4 f6 34. a5
a6 35. Qd5 h5 36. h3 g5 37. Kg2 Kg6 38. Rc3 Kg7 39. f4 exf4 40. gxf4 h4 41. fxg5
fxg5 42. Qd4+ Kg6 43. e5 Kh5 44. Qe4 g4 45. Rc4 gxh3+ 46. Kh2 Qd8 47. Qf3+ 1-0

[Event "Indywidualne Mistrzostwa Polski Juniorow - C18"]
[Site "Szczyrk"]
[Date "2013-03-24"]
[Round "3.6"]
[White "Nowicki, Bartosz"]
[Black "Jaskolka, Tomasz"]
[Result "1-0"]
[WhiteTitle "k"]
[BlackTitle "I++"]
[WhiteElo "2156"]
[BlackElo "2038"]

1. e4 c5 2. Nf3 Nc6 3. d4 cxd4 4. Nxd4 g6 5. c4 Bg7 6. Be3 Nf6 7. Nc3 d6 8. Be2
O-O 9. O-O Bd7 10. Qd2 Nxd4 11. Bxd4 Bc6 12. f3 Nd7 13. Be3 a5 14. Rfc1 a4 15.
Rab1 Nc5 16. b4 axb3 17. axb3 Ra3 18. b4 Na4 19. Nxa4 Rxa4 20. Bd4 Bxd4+ 21. Qxd4
Qc7 22. h4 Ra2 23. Bf1 Rfa8 24. h5 R8a3 25. c5 dxc5 26. Rxc5 Qd6 27. Qxd6 exd6
28. Rcc1 Ra8 29. b5 Be8 30. Rc7 Rb8 31. Bc4 Ra5 32. Rd1 Bxb5 33. Bxf7+ Kf8 34.
h6 Ba4 35. Rxd6 Rh5 36. Rf6 1-0

[Event "Indywidualne Mistrzostwa Polski Juniorow - C18"]
[Site "Szczyrk"]
[Date "2013-03-24"]
[Round "3.7"]
[White "Adamczewski, Jedrzej"]
[Black "Mroziak, Maciej"]
[Result "0-1"]
[WhiteTitle "I"]
[BlackTitle "I++"]
[WhiteElo "1861"]
[BlackElo "2149"]

1. e4 e6 2. d4 d5 3. Nd2 Nf6 4. e5 Nfd7 5. Bd3 c5 6. c3 Nc6 7. Ne2 cxd4 8. cxd4
f6 9. exf6 Nxf6 10. Nf3 Bd6 11. Bf4 Bxf4 12. Nxf4 O-O 13. O-O Ne4 14. Ne2 Rxf3
15. gxf3 Ng5 16. f4 Nh3+ 17. Kh1 Qh4 18. Qe1 Nxf4 19. Nxf4 Qxf4 20. Qe3 Qxd4 21.
Qxd4 Nxd4 22. f4 g6 23. Rad1 Nc6 24. Kg2 Bd7 25. Bb5 Kf7 26. Bxc6 Bxc6 27. Kf2
Ke7 28. Ke3 Rf8 29. Rg1 a5 30. h4 Ra8 31. h5 Kf6 32. hxg6 hxg6 33. Kd4 a4 34.
Rd3 Ra5 35. Rdg3 Be8 36. R1g2 Rb5 37. a3 Rb6 38. Rc3 Rc6 39. Rxc6 Bxc6 40. Rg5
Bb5 41. Kc5 Bd3 42. Kd4 Bc2 43. Kc3 Bf5 44. Kd4 e5+ 45. Kxd5 exf4 46. Rg1 g5 47.
Rf1 Bh3 48. Rc1 f3 49. Rc2 Kf5 50. Rc7 Kf4 51. Rxb7 f2 52. Rf7+ Bf5 0-1

[Event "Indywidualne Mistrzostwa Polski Juniorow - C18"]
[Site "Szczyrk"]
[Date "2013-03-24"]
[Round "3.9"]
[White "Gora, Jan"]
[Black "Zochowski, Kacper"]
[Result "0-1"]
[WhiteTitle "I"]
[BlackTitle "I++"]
[WhiteElo "1961"]
[BlackElo "2083"]

1. c4 e5 2. Nc3 Nc6 3. g3 d6 4. Bg2 Be6 5. d3 Qd7 6. Nd5 g6 7. Qa4 Bg7 8. h4 h6
9. Bd2 Nge7 10. Nxe7 Kxe7 11. e3 Bg4 12. Bc3 Rhe8 13. Qc2 Kf8 14. f3 Be6 15. h5
d5 16. hxg6 fxg6 17. cxd5 Bxd5 18. O-O-O Qf7 19. b3 a5 20. f4 Bxg2 21. Qxg2 exf4
22. Bxg7+ Qxg7 23. Kb1 a4 24. Rf1 Rxe3 25. Rxf4+ Ke8 26. Re4+ Rxe4 27. Qxe4+ Kd8
28. Qh4+ Kc8 29. Qxh6 Qe7 30. Qh8+ Nd8 31. Qc3 axb3 32. axb3 Qe3 33. Nh3 Qxg3
34. Rc1 Ra6 35. Nf2 Rc6 36. Qd4 Rd6 37. Qc3 Rc6 38. Qd4 Rd6 39. Qc3 Rd7 40. Rc2
Nc6 41. Qh8+ Rd8 42. Qg7 Qd6 43. Re2 Nd4 44. Ne4 Qd5 45. Rb2 Nf5 46. Qh7 Qxd3+
47. Rc2 0-1

[Event "Indywidualne Mistrzostwa Polski Juniorow - C18"]
[Site "Szczyrk"]
[Date "2013-03-24"]
[Round "3.10"]
[White "Poswiatowski, Michal"]
[Black "Faron, Rafal"]
[Result "1/2-1/2"]
[WhiteTitle "I+"]
[BlackTitle "I"]
[WhiteElo "2076"]
[BlackElo "1894"]

1. e4 Nf6 2. e5 Nd5 3. d4 d6 4. c4 Nb6 5. exd6 cxd6 6. Nc3 g6 7. Be3 Bg7 8. Rc1
O-O 9. b3 f5 10. d5 f4 11. Bd4 e5 12. dxe6 Bxd4 13. Qxd4 Bxe6 14. Nf3 Nc6 15.
Qd2 Qe7 16. Be2 Rad8 17. Nd5 Bxd5 18. cxd5 Ne5 19. O-O Nxf3+ 20. Bxf3 Qg5 21.
h3 h5 22. Be4 Rc8 23. Rfe1 Nd7 24. Rc2 Rxc2 25. Bxc2 Ne5 26. Kf1 Qh4 27. Qb4 Qf6
28. f3 Rf7 29. Be4 Rc7 30. Qd2 Kg7 31. Kf2 Qh4+ 32. Kf1 Qf6 33. Kf2 Qh4+ 34. Kf1
Qf6 35. Kf2 Qh4+ 36. Kf1 1/2-1/2

[Event "Indywidualne Mistrzostwa Polski Juniorow - C18"]
[Site "Szczyrk"]
[Date "2013-03-24"]
[Round "3.11"]
[White "Zareba, Grzegorz"]
[Black "Licznerski, Lukasz"]
[Result "0-1"]
[WhiteTitle "I"]
[BlackTitle "FM"]
[WhiteElo "1968"]
[BlackElo "2331"]

1. c4 Nf6 2. Nc3 d5 3. cxd5 Nxd5 4. g3 g6 5. Bg2 Nb6 6. Nf3 Bg7 7. O-O Nc6 8. d3
O-O 9. Be3 e5 10. Bc5 Re8 11. Rc1 Be6 12. a4 h6 13. Re1 Nd5 14. Nd2 Qd7 15. Ba3
Rab8 16. Nde4 b6 17. Qc2 Ndb4 18. Qd1 Rbc8 19. a5 Nd5 20. axb6 axb6 21. Qa4 Ra8
22. Nxd5 Bxd5 23. Qc2 Re6 24. Nd2 Bxg2 25. Kxg2 Rc8 26. Qa4 Qd5+ 27. Kg1 Nd4 28.
Qa6 Qd7 29. Qb7 Ree8 30. Nc4 Qg4 31. f3 Qe6 32. e3 Rb8 33. Qxc7 Nxf3+ 34. Kf2
Nxe1 35. Rxe1 Rec8 36. Qa7 b5 37. Nd6 b4 38. Nxc8 Qxc8 39. Rc1 Qb7 40. Qa5 bxa3
41. Rc7 Qxb2+ 42. Kf3 a2 43. Rxf7 e4+ 44. dxe4 0-1

[Event "Indywidualne Mistrzostwa Polski Juniorow - C18"]
[Site "Szczyrk"]
[Date "2013-03-24"]
[Round "3.12"]
[White "Borawski, Jakub"]
[Black "Lewicki, Miroslaw"]
[Result "0-1"]
[WhiteTitle "I"]
[BlackTitle "CM"]
[WhiteElo "1946"]
[BlackElo "2208"]

1. e4 c5 2. Nf3 d6 3. d4 Nf6 4. Nc3 cxd4 5. Nxd4 a6 6. Be2 e5 7. Nb3 Be6 8. f4
Be7 9. f5 Bd7 10. Be3 Bc6 11. Bf3 Nbd7 12. g4 h6 13. Qd2 b5 14. Qg2 Qc7 15. h4
b4 16. Nd5 Nxd5 17. exd5 Bb5 18. a4 bxa3 19. Rxa3 Nb6 20. Na5 Na4 21. b4 Nb2 22.
Be2 Nc4 23. Bxc4 Bxc4 24. Qd2 Bb5 25. c4 Bd7 26. Qf2 Rb8 27. Rb3 Ba4 28. Rb2 Bf6
29. Ba7 Rc8 30. Bb6 Qe7 31. Ra2 Bd7 32. c5 Bb5 33. c6 e4 34. Qg3 g6 35. fxg6 fxg6
36. Nb7 Be5 37. Qe3 O-O 38. Re2 Qf6 39. Rf2 Bg3 40. Qxg3 Qa1+ 41. Kd2 Qb2+ 42.
Kd1 Ba4+ 43. Ke1 Qc1+ 0-1

[Event "Indywidualne Mistrzostwa Polski Juniorow - C18"]
[Site "Szczyrk"]
[Date "2013-03-24"]
[Round "3.13"]
[White "Malec, Sebastian"]
[Black "Kwiatkowski, Wiktor"]
[Result "1-0"]
[WhiteTitle "k"]
[BlackTitle "I"]
[WhiteElo "2171"]
[BlackElo "1949"]

1. e4 c5 2. Nf3 d6 3. d4 cxd4 4. Nxd4 Nf6 5. Nc3 e6 6. g4 Nc6 7. g5 Nd7 8. Be3
a6 9. Be2 Be7 10. h4 Qc7 11. h5 b5 12. Nxc6 Qxc6 13. Qd4 f6 14. h6 g6 15. O-O-O
Rf8 16. gxf6 Nxf6 17. e5 dxe5 18. Qxe5 Bd7 19. Bd3 O-O-O 20. a4 Ng4 21. Qd4 Nxe3
22. axb5 Qc5 23. fxe3 Bxb5 24. Qe4 Bxd3 25. Qxe6+ Kb8 26. cxd3 Bg5 27. d4 Rxd4
28. Rxd4 Qxd4 29. Kb1 Qc5 30. Ne4 Qf5 31. Qb6+ Ka8 32. Qxa6+ Kb8 33. Qb6+ Ka8
34. Qc6+ Kb8 35. Rc1 Rf7 36. Rc5 Qf1+ 37. Kc2 Qg2+ 38. Kc3 Bxe3 39. Rb5+ Ka7 40.
Ra5+ 1-0

[Event "Indywidualne Mistrzostwa Polski Juniorow - C18"]
[Site "Szczyrk"]
[Date "2013-03-24"]
[Round "3.14"]
[White "Tomsia, Kamil"]
[Black "Jachym, Adam"]
[Result "1-0"]
[WhiteTitle "I++"]
[BlackTitle "II+"]
[WhiteElo "2141"]
[BlackElo "1934"]

1. d4 d5 2. c4 c6 3. e3 Nf6 4. Nc3 a6 5. a4 Bf5 6. Qb3 Ra7 7. Nf3 e6 8. h3 h6 9.
Be2 Be7 10. O-O Nbd7 11. Rd1 O-O 12. Ne1 Qb6 13. Qxb6 Nxb6 14. b3 Nbd7 15. Bd3
Bxd3 16. Nxd3 Raa8 17. f3 Rfd8 18. c5 Nf8 19. Bd2 N6d7 20. b4 f6 21. e4 dxe4 22.
fxe4 Ne5 23. Be3 Nxd3 24. Rxd3 a5 25. Na2 f5 26. e5 g5 27. Rb3 f4 28. Bf2 axb4
29. Rxb4 Rd7 30. Nc3 Ng6 31. Ne4 h5 32. Rab1 g4 33. hxg4 hxg4 34. g3 Ra7 35. Nd6
fxg3 36. Bxg3 Bxd6 37. exd6 Kf8 38. Re1 Kf7 39. Rf1+ Ke8 40. Rf6 Nf8 41. d5 exd5
42. Rbf4 Nh7 43. Re6+ Kd8 44. Bh4+ 1-0

[Event "Indywidualne Mistrzostwa Polski Juniorow - C18"]
[Site "Szczyrk"]
[Date "2013-03-24"]
[Round "3.15"]
[White "Dzierzak, Radoslaw"]
[Black "Stankiewicz, Pawel"]
[Result "1/2-1/2"]
[WhiteTitle "I+"]
[BlackTitle "k"]
[WhiteElo "1912"]
[BlackElo "2108"]

1. e4 c5 2. Nf3 d6 3. d4 cxd4 4. Nxd4 Nf6 5. Nc3 a6 6. Bg5 Nbd7 7. Be2 e6 8. a4
Qc7 9. O-O Be7 10. Kh1 b6 11. f4 Bb7 12. Bf3 O-O 13. Qe1 Rac8 14. Qg3 Kh8 15.
Rae1 h6 16. Bh4 Ba8 17. e5 dxe5 18. fxe5 Ng8 19. Bxe7 Nxe7 20. Bh5 Qc4 21. Rf4
g5 22. Rg4 Qc5 23. Qh3 Nxe5 24. Rxg5 Qxd4 25. Rgxe5 Nf5 26. Bg4 Rg8 27. Bf3 Bxf3
28. Qxf3 Rg5 29. R5e4 Qc5 30. Re5 Qd4 31. R5e4 Qc5 32. Re5 Qd6 33. g4 Rcg8 34.
h3 Qd4 35. R5e4 Qg7 36. Qf2 Nd6 37. Rd4 Qf8 38. Red1 Qa8+ 39. Kh2 Nf5 40. Ne4
Qb8+ 41. Kg1 R5g7 42. Nf6 Nxd4 43. Nxg8 Qxg8 44. Qxd4 Qb8 45. Qd8+ Qxd8 46. Rxd8+
Kh7 47. Kf2 Rg5 48. Rd6 Rc5 49. c3 Rc4 50. a5 bxa5 51. Rxa6 a4 52. Ke3 h5 53.
Kd3 Rf4 54. c4 Rf3+ 55. Ke4 Rxh3 56. gxh5 Rb3 57. Rxa4 Rxb2 58. c5 Rg2 59. Ke5
Rg5+ 60. Kd6 Rd5+ 1/2-1/2

[Event "Indywidualne Mistrzostwa Polski Juniorow - C18"]
[Site "Szczyrk"]
[Date "2013-03-24"]
[Round "3.16"]
[White "Grzeskow, Adrian"]
[Black "Szewczyk, Mariusz"]
[Result "1-0"]
[WhiteTitle "I"]
[BlackTitle "I++"]
[WhiteElo "1885"]
[BlackElo "2093"]

1. e4 e5 2. Bc4 Nc6 3. Nc3 Nf6 4. d3 Bb4 5. f4 d5 6. exd5 Bg4 7. Qd2 Bxc3 8. Qxc3
Nxd5 9. Bxd5 Qxd5 10. Kf2 O-O-O 11. fxe5 f6 12. h3 fxe5 13. hxg4 Rhf8+ 14. Nf3
Rxf3+ 15. gxf3 Nd4 16. Rh3 Rf8 17. f4 exf4 18. Bd2 Qd7 19. Qc5 Rd8 20. Bxf4 Ne6
21. Qe5 Rf8 22. Rf3 Qc6 23. Re1 Rf6 24. Re2 1-0

[Event "Indywidualne Mistrzostwa Polski Juniorow - C18"]
[Site "Szczyrk"]
[Date "2013-03-24"]
[Round "3.17"]
[White "Kanarkiewicz, Michal"]
[Black "Budnik, Mateusz"]
[Result "1-0"]
[WhiteTitle "I"]
[BlackTitle "II+"]
[WhiteElo "2056"]
[BlackElo "1701"]

1. e4 c5 2. Nf3 Nc6 3. d4 cxd4 4. Nxd4 g6 5. c4 Bg7 6. Be3 Nf6 7. Nc3 O-O 8. Be2
d6 9. O-O Bd7 10. Rc1 a6 11. Qd2 Rc8 12. f3 Nxd4 13. Bxd4 Qa5 14. a3 Be6 15. b4
Qc7 16. Nd5 Bxd5 17. exd5 Qd7 18. f4 b5 19. Rfd1 bxc4 20. Bxc4 Qb7 21. Qd3 Ra8
22. h3 Nd7 23. Be3 Nb6 24. Bb3 Rfc8 25. a4 Nd7 26. Qd2 Rab8 27. Rxc8+ Rxc8 28.
Bd4 Bxd4+ 29. Qxd4 Qb6 30. Qxb6 Nxb6 31. Rd3 Kg7 32. Kf2 Kf6 33. Ke3 Rc1 34. Kd4
Rb1 35. a5 Nc8 36. Kc4 Na7 37. Ba4 h5 38. h4 Rc1+ 39. Kd4 Rb1 40. Kc4 Rc1+ 41.
Rc3 Re1 42. g3 e6 43. dxe6 fxe6 44. Rd3 d5+ 45. Kc5 Rb1 46. Bb3 Nc8 47. Kc6 Rc1+
48. Kb7 Nd6+ 49. Kxa6 Rc6+ 50. Ka7 Ke7 51. Ba4 Rc7+ 52. Ka6 Rc8 53. Rb3 Ra8+ 54.
Kb6 Rb8+ 55. Kc5 Rc8+ 56. Bc6 Ne4+ 57. Kb6 Kd6 58. b5 Rb8+ 59. Ka7 Rc8 60. a6
Nc5 61. Bb7 Rf8 62. Rc3 d4 63. Rc4 d3 64. Kb6 Nxb7 65. Rd4+ Ke7 66. axb7 d2 67.
Rxd2 e5 68. fxe5 Ke6 69. Ka7 Rf7 70. Ka8 Rf3 71. b8=Q 1-0

[Event "Indywidualne Mistrzostwa Polski Juniorow - C18"]
[Site "Szczyrk"]
[Date "2013-03-24"]
[Round "3.18"]
[White "Zielinski, Maciej"]
[Black "Knapik, Andrzej"]
[Result "1/2-1/2"]
[WhiteTitle "I++"]
[BlackTitle "I"]
[WhiteElo "2091"]
[BlackElo "1913"]

1. e4 e6 2. d4 d5 3. Nd2 Be7 4. c3 c5 5. exd5 Qxd5 6. Ngf3 Nc6 7. Bc4 Qd8 8. dxc5
Bxc5 9. O-O Nf6 10. Qe2 O-O 11. Ne4 Be7 12. Nxf6+ Bxf6 13. Bf4 Qe7 14. Rad1 e5
15. Bg3 Bg4 16. Qe4 Bh5 17. Bb5 Bg6 18. Qg4 Rfd8 19. Qa4 Qc5 20. Qc4 Qxc4 21.
Bxc4 Bc2 22. Rc1 Be4 23. Rfd1 a6 24. Be2 h5 25. h3 Kf8 26. Nd2 Bg6 27. h4 Ke7
28. Nc4 b5 29. Nb6 Rab8 30. Nd5+ Kf8 31. Bf3 Rbc8 32. Ne3 e4 33. Be2 Ne5 34. a4
Nd3 35. Ra1 Nxb2 36. Rxd8+ Rxd8 37. axb5 axb5 38. Ra5 Bxc3 39. Rxb5 Nd3 40. Bxh5
Bxh5 41. Rxh5 g6 42. Rb5 Bd4 43. Rd5 Rxd5 44. Nxd5 f5 45. Kf1 1/2-1/2

[Event "Indywidualne Mistrzostwa Polski Juniorow - C18"]
[Site "Szczyrk"]
[Date "2013-03-24"]
[Round "3.19"]
[White "Kowalczyk, Adam"]
[Black "Lapaj, Mateusz"]
[Result "1/2-1/2"]
[WhiteTitle "II+"]
[BlackTitle "I++"]
[WhiteElo "1878"]
[BlackElo "2044"]

1. e4 e6 2. d4 d5 3. exd5 exd5 4. Bd3 Bd6 5. Nf3 Bg4 6. h3 Bh5 7. O-O Nc6 8. Re1+
Nge7 9. Nc3 Nb4 10. Bf5 h6 11. a3 O-O 12. axb4 Nxf5 13. g4 Bg6 14. gxf5 Bxf5 15.
Kg2 Bxb4 16. Re5 Be6 17. Ne2 Qf6 18. Ng3 Bd6 19. Re1 Rfe8 20. b3 b6 21. Bb2 h5
22. Bc1 Qg6 23. Qd3 Bxh3+ 24. Kxh3 Qg4+ 25. Kg2 Rxe1 26. Nxe1 h4 27. Ba3 hxg3
28. fxg3 c5 29. dxc5 bxc5 30. Qf3 Qg6 31. Rd1 Re8 32. Nd3 c4 33. Bxd6 cxd3 34.
Rxd3 Qxd6 35. Rxd5 Qg6 36. Rd3 Qe6 37. Rd2 a5 38. Rf2 f6 39. Qf5 Qxf5 40. Rxf5
Re2+ 41. Rf2 Re5 42. Rd2 1/2-1/2

[Event "Indywidualne Mistrzostwa Polski Juniorow - C18"]
[Site "Szczyrk"]
[Date "2013-03-24"]
[Round "3.20"]
[White "Gabryjalowicz, Jakub"]
[Black "Lopuszanski, Kamil"]
[Result "1/2-1/2"]
[WhiteTitle "I"]
[BlackTitle "I"]
[WhiteElo "1779"]
[BlackElo "1870"]

1. e4 e5 2. Nf3 Nc6 3. d4 exd4 4. Nxd4 Nf6 5. Nc3 Bb4 6. Nxc6 bxc6 7. Bd3 d5 8.
exd5 cxd5 9. O-O O-O 10. Bg5 c6 11. Ne2 h6 12. Bh4 Bd7 13. c3 Bd6 14. Bg3 Bxg3
15. Nxg3 Rb8 16. Qc2 Qb6 17. b3 c5 18. Bf5 Bc6 19. Rfd1 a5 20. Rab1 Ba8 21. Kh1
Rfe8 22. a3 Qd6 23. Ne4 Nxe4 24. Bxe4 Re5 25. Bf3 Qe7 26. h3 g6 27. b4 axb4 28.
axb4 Kg7 29. bxc5 Rc8 30. Qb2 Qxc5 31. Rd3 Kh7 32. Rbd1 Bc6 33. Qd2 Rf5 34. Rd4
Rc7 35. Bg4 Re5 36. f4 Re8 37. f5 Ba8 38. fxg6+ fxg6 39. Rd3 Rf8 40. Bf3 Rff7
41. Rc1 Rcd7 42. c4 Rc7 43. Rd4 Rf5 44. Rd1 Qf8 45. cxd5 Qd6 46. Re1 h5 47. Re6
Qg3 48. Qe1 Rxf3 49. gxf3 Qxf3+ 50. Kg1 Bxd5 51. Re7+ Rxe7 52. Qxe7+ Kh6 53. Rxd5
Qg3+ 54. Kf1 Qf3+ 55. Kg1 Qxd5 56. h4 1/2-1/2

[Event "Indywidualne Mistrzostwa Polski Juniorow - C18"]
[Site "Szczyrk"]
[Date "2013-03-24"]
[Round "3.21"]
[White "Prominski, Piotr"]
[Black "Musialkiewicz, Pawel"]
[Result "0-1"]
[WhiteTitle "I"]
[BlackTitle "k"]
[WhiteElo "1834"]
[BlackElo "2182"]

1. e4 e6 2. d4 d5 3. Nd2 Nc6 4. Ngf3 Nf6 5. e5 Nd7 6. c3 f6 7. exf6 Qxf6 8. Bd3
Bd6 9. O-O O-O 10. Qc2 h6 11. Nb3 e5 12. dxe5 Ncxe5 13. Be2 Nxf3+ 14. Bxf3 Qe5
15. Bxd5+ Qxd5 16. Bxh6 Qh5 0-1

[Event "Indywidualne Mistrzostwa Polski Juniorow - C18"]
[Site "Szczyrk"]
[Date "2013-03-24"]
[Round "3.22"]
[White "Chmiel, Marcin"]
[Black "Worobiej, Daniel"]
[Result "0-1"]
[WhiteTitle "I+"]
[BlackTitle "I"]
[WhiteElo "1978"]
[BlackElo "1859"]

1. d4 d5 2. c4 c6 3. Nf3 Nf6 4. e3 a6 5. Nc3 b5 6. b3 Bg4 7. Be2 e6 8. O-O Nbd7
9. h3 Bh5 10. Bb2 Bd6 11. Ne5 Bxe2 12. Nxe2 Rc8 13. cxd5 cxd5 14. a4 b4 15. a5
O-O 16. Nf4 Ne4 17. f3 Nc3 18. Qd3 Bxe5 19. dxe5 Nc5 20. Qc2 Nb7 21. Nd3 Nxa5
22. Rfc1 Qb6 23. Nxb4 Nxb3 24. Bxc3 Nxa1 25. Qb2 Qxe3+ 26. Kh1 Nb3 27. Rc2 d4
0-1

[Event "Indywidualne Mistrzostwa Polski Juniorow - C18"]
[Site "Szczyrk"]
[Date "2013-03-24"]
[Round "3.23"]
[White "Kuspak, Aleksander"]
[Black "Moszczenski, Milosz"]
[Result "1-0"]
[WhiteTitle "I"]
[BlackTitle "I"]
[WhiteElo "1926"]
[BlackElo "1754"]

1. e4 e6 2. d4 d5 3. Nc3 Bb4 4. e5 c5 5. a3 Bxc3+ 6. bxc3 Qa5 7. Bd2 Qa4 8. Nf3
Nc6 9. Be3 c4 10. Be2 Bd7 11. O-O Nge7 12. Nh4 O-O-O 13. f4 h6 14. g4 f5 15. exf6
gxf6 16. f5 h5 17. gxh5 Rdg8+ 18. Kh1 Nxf5 19. Nxf5 exf5 20. Bf4 Qa5 21. Qd2 Be8
22. Qe3 Bf7 23. Qh3 Re8 24. Rf2 Kd7 25. Rb1 Nd8 26. Qxf5+ Be6 27. Qxf6 b5 28.
Qg7+ Kc6 29. Bg3 Bd7 30. Bf3 Be6 31. Be2 Bd7 32. Qf6+ Kb7 33. Qd6 Bc6 34. Bg4
Rh7 35. a4 Nf7 36. Qg6 1-0

[Event "Indywidualne Mistrzostwa Polski Juniorow - C18"]
[Site "Szczyrk"]
[Date "2013-03-24"]
[Round "3.24"]
[White "Mikolajczak, Wojciech"]
[Black "Dzikowski, Michal"]
[Result "0-1"]
[WhiteTitle "II+"]
[BlackTitle "I"]
[WhiteElo "1740"]
[BlackElo "1879"]

1. c4 Nf6 2. Nc3 e6 3. g3 Bb4 4. Bg2 O-O 5. Nf3 d5 6. cxd5 exd5 7. d4 c6 8. O-O
Re8 9. Bf4 Bd6 10. Bxd6 Qxd6 11. e3 Nbd7 12. Rc1 Nb6 13. Ne5 Nfd7 14. Nxd7 Bxd7
15. Qb3 Bf5 16. Na4 Nc4 17. Qc3 Qh6 18. b3 Nd6 19. Nc5 Rad8 20. Rfe1 b6 21. Nd3
Nb5 22. Qc2 Qg6 23. Bf1 Nd6 24. Qc3 Nb5 25. Qxc6 Qxc6 26. Rxc6 Bxd3 27. Bxd3 Nxd4
28. Rc7 Nf3+ 29. Kf1 Nxe1 30. Kxe1 a5 31. Kd2 g6 32. Bb5 Re6 33. Kd3 Kf8 34. f3
Rdd6 35. g4 Re7 36. Rc8+ Kg7 37. Kd4 Rf6 38. Be2 Rfe6 39. Rc3 g5 40. Bb5 Rf6 41.
Be2 Rh6 42. Bb5 Rxh2 43. Kxd5 Rxa2 44. e4 Re6 45. Rd3 Rc2 46. Bc4 Kf6 47. Re3
Rd2+ 48. Bd3 Re8 49. Kd4 Rd8+ 50. Kc3 R2xd3+ 51. Rxd3 Rxd3+ 52. Kxd3 b5 53. Kd4
a4 54. bxa4 bxa4 55. Kc4 Ke5 56. Kb4 Kf4 57. Kxa4 Kxf3 58. e5 Kxg4 59. Kb5 Kf5
60. Kc5 Kxe5 0-1

[Event "Indywidualne Mistrzostwa Polski Juniorow - C18"]
[Site "Szczyrk"]
[Date "2013-03-24"]
[Round "5.1"]
[White "Jarmula, Pawel"]
[Black "Mroziak, Maciej"]
[Result "1/2-1/2"]
[WhiteTitle "k"]
[BlackTitle "I++"]
[WhiteElo "2197"]
[BlackElo "2149"]

1. e4 c5 2. Nf3 e6 3. c3 d5 4. exd5 exd5 5. Bb5+ Nc6 6. O-O Bd6 7. d4 Nge7 8. Nbd2
O-O 9. dxc5 Bxc5 10. Nb3 Bd6 11. h3 Bf5 12. Nbd4 Bg6 13. Bd3 Rc8 14. Bg5 Qd7 15.
Re1 Rfe8 16. Bxe7 Rxe7 17. Rxe7 Bxe7 18. Bxg6 hxg6 19. Qd3 Bf6 20. Rd1 Rd8 21.
Nc2 Qf5 22. Ne3 Qxd3 23. Rxd3 d4 24. cxd4 Nxd4 25. Nxd4 Rxd4 26. Rxd4 Bxd4 27.
b3 Kf8 28. Kf1 Ke7 29. Ke2 Kd6 30. Kd3 Bc5 31. Nc4+ Kd5 32. Ne3+ Ke5 33. f3 Kf4
34. Nf1 b5 35. Ke2 a5 36. Kd3 Ba7 37. Ke2 Bc5 38. Kd3 Ba7 39. Ke2 Bc5 40. Kd3
Ba7 1/2-1/2

[Event "Indywidualne Mistrzostwa Polski Juniorow - C18"]
[Site "Szczyrk"]
[Date "2013-03-24"]
[Round "5.2"]
[White "Licznerski, Lukasz"]
[Black "Zochowski, Kacper"]
[Result "1-0"]
[WhiteTitle "FM"]
[BlackTitle "I++"]
[WhiteElo "2331"]
[BlackElo "2083"]

1. e4 c5 2. Nf3 d6 3. d4 cxd4 4. Nxd4 Nf6 5. Nc3 Nc6 6. Bc4 e6 7. O-O a6 8. Be3
Qc7 9. Bb3 Nxd4 10. Bxd4 b5 11. Qe2 Bb7 12. f4 b4 13. Bxf6 gxf6 14. Ba4+ Ke7 15.
Nd5+ Bxd5 16. exd5 Qc5+ 17. Kh1 Qxd5 18. f5 e5 19. Rfd1 Qa5 20. Bb3 h5 21. Qc4
Rh7 22. Qc6 Ra7 23. Qxd6+ Ke8 24. Ba4+ 1-0

[Event "Indywidualne Mistrzostwa Polski Juniorow - C18"]
[Site "Szczyrk"]
[Date "2013-03-24"]
[Round "5.3"]
[White "Nasuta, Grzegorz"]
[Black "Klimek, Marcin"]
[Result "1-0"]
[WhiteTitle "k"]
[BlackTitle "I"]
[WhiteElo "2295"]
[BlackElo "1819"]

1. e4 e6 2. d4 d5 3. Nc3 Bb4 4. e5 c5 5. a3 Bxc3+ 6. bxc3 Qc7 7. Qg4 f5 8. Qg3
cxd4 9. cxd4 Ne7 10. Bd2 O-O 11. Bd3 b6 12. Ne2 Ba6 13. Nf4 Qd7 14. h4 Bxd3 15.
Qxd3 Nbc6 16. h5 Nd8 17. O-O Nf7 18. a4 a6 19. Rfb1 Rfb8 20. Rb2 Nc8 21. Rab1
Rb7 22. c4 dxc4 23. Qxc4 Nd8 24. d5 exd5 25. Nxd5 Qe6 26. Bg5 Nc6 27. Nxb6 Qxc4
28. Nxc4 Rxb2 29. Rxb2 Ra7 30. Be3 Rc7 31. f4 Kf7 32. Kf2 Ke6 33. Rd2 N6e7 34.
Nd6 g5 35. Nxc8 Nxc8 36. fxg5 Kxe5 37. Bd4+ Ke6 38. Re2+ Kf7 39. g6+ hxg6 40.
h6 Kf8 41. Bg7+ Kf7 42. Be5 1-0